| 000 | 01064cam a2200385 a 4500 | ||
|---|---|---|---|
| 001 | 84330 | ||
| 005 | 20230410124131.0 | ||
| 008 | 050117s2001 enka 000 0 eng | ||
| 035 | _a(OCoLC)ocm58829211 | ||
| 040 |
_aUKM _beng _cUKM |
||
| 015 |
_aGBA527351 _2bnb |
||
| 016 | 7 |
_a013084089 _2Uk |
|
| 020 | _a1874374007 (pbk.) | ||
| 020 | _a9781874374008 (pbk.) | ||
| 029 | 1 |
_aAU@ _b000026858679 |
|
| 029 | 1 |
_aUNITY _b020228678 |
|
| 029 | 1 |
_aUKGRN _b1874374007 |
|
| 035 | _a(OCoLC)58829211 | ||
| 042 | _aukblsr | ||
| 082 | 0 | 4 |
_a650.1 _222 |
| 049 | _aGRAL | ||
| 050 | 1 | 4 | _aN864g 2001 |
| 100 | 1 | _aNorth, Vanda. | |
| 245 | 1 | 0 |
_aGet ahead : _bmind map your way to success / _cby Vanda North with Tony Buzan. |
| 250 | _a5th ed & revision. | ||
| 260 |
_aDorset : _bLimited Edition Publishing, _c2001. |
||
| 300 |
_a96 p. : _bcol. ill. ; _c21 x 24 cm. |
||
| 500 | _aPrevious ed. published: 1996. | ||
| 650 | 4 | _aCRV. | |
| 650 | 4 | _aColección Rene Villarreal. | |
| 700 | 1 | _aBuzan, Tony. | |
| 942 |
_2lcc _cbk |
||
| 946 | _amfcruz | ||
| 994 |
_aC0 _bDRFGD |
||
| 999 |
_c71672 _d71672 |
||